000
00274nam a2200109Ia 4500
008
231120s2018 xx 000 0 und d
041
_a
eng
100
_a
DAVID WEBB
245
_a
COMPLETE GUIDE TO WATERCOLOUR
260
_a
SEARCH PRESS
_b
SEARCH PRESS
_c
2018
300
_a
P-256
999
_c
933432
_d
933432